000 00193 a2200097 4500
020 _a9780394839127
041 _aeng
100 _aDr Seuss
245 _aI can Read with My Eyes shut
942 _cK
999 _c31230
_d31228